000 00629nam a2200241 i 4500
001 C2-0288361
003 PPAK
005 20180728021502.0
008 080507s2005 nyu |||| ||||| | eng d
020 _a9780060734022
040 _aPPAK
_beng
_cPPAK
_erda
082 0 4 _a823
_223
090 0 0 _a823
_bBOY
_dLCK
100 1 _aBoyce, Frank Cottrell,
_eauthor
245 1 0 _aFramed
264 1 _aNew York :
_bHarper Collins Publishers ,
_c2005
300 _a306 pages ;
_c22 cm
336 _2rdacontent
_atext
337 _2rdamedia
_aunmediated
338 _2rdacarrier
_avolume
650 1 0 _aEnglish fiction.
942 _ddc
_cB
999 _c93988
_d93988